00468nam a2200133Ia 4500008004100000020001400041100002500055245004900080250001100129260002800140300001900168999001900187952012800206180205s9999 xx 000 0 und d a130423610 aMcnurlin, Barbara C. aInformation systems management in practice / a5th ed bPearson educationc2002 axix, 502 pages c354643d354643 00102lcc40aSFUbSFUcNULLd2018-02-05eLibrary Fundl0oT 58.64 .M478 2002pSFU1423r2018-05-15 00:00:00w2018-02-05yBK